000 00358nam a2200133Ia 4500
005 20260326100024.0
008 260326s9999||||xx |||||||||||||| ||und||
100 _aBonet Correa, Antonio
245 0 _aLa Polémica Ingenieros-Arquitectos en España Siglo XIX /
_cAntonio Bonet Correa
260 _bTurner
300 _a432 p.
650 _aEUROPA
942 _cBK
999 _c6305
_d6305